000 00665nam a2200277Ia 4500
005 20260324115726.0
008 008 260324s9999 xx 000 0 eng d
020 _a9780429255243
037 _aEBOOK
040 _aCRL
040 _beng
040 _cCRL
041 _2eng
041 _aeng
084 _qCRL
100 _aThomas R. Fulda; Alan Lyles; Albert I Wertheimer
_91155776
245 0 _aPharmaceutical Public Policy
260 _bTaylor and Francis
260 _c2016
365 _a
365 _b195
856 _uhttp://www.taylorfrancis.com/books/9780429255243
942 _cEBOOK
999 _c1746860
_d1746860